LEADER 01483nam 2200481 a 450 001 9910790216903321 005 20230721015041.0 010 $a83-233-8504-1 035 $a(CKB)2670000000212000 035 $a(EBL)928915 035 $a(OCoLC)794664322 035 $a(SSID)ssj0001004575 035 $a(PQKBManifestationID)11532473 035 $a(PQKBTitleCode)TC0001004575 035 $a(PQKBWorkID)11047006 035 $a(PQKB)11523198 035 $a(MiAaPQ)EBC928915 035 $a(EXLCZ)992670000000212000 100 $a20120912d2009 uy 0 101 0 $ager 135 $aur|n|---||||| 181 $ctxt 182 $cc 183 $acr 200 10$aKo?perkonstruktionen in der fru?hen Prosa Heinrich Heines$b[electronic resource] /$fKatarzyna Jas?tal 210 $aKrako?w $cJagiellonian University Press$d2009 215 $a1 online resource (294 p.) 300 $aDescription based upon print version of record. 311 $a83-233-2714-9 320 $aIncludes bibliographical references. 606 $aBody image in literature 606 $aHuman body in literature 615 0$aBody image in literature. 615 0$aHuman body in literature. 676 $a615.535 700 $aJas?tal$b Katarzyna$01551027 801 0$bMiAaPQ 801 1$bMiAaPQ 801 2$bMiAaPQ 906 $aBOOK 912 $a9910790216903321 996 $aKo?perkonstruktionen in der fru?hen Prosa Heinrich Heines$93849300 997 $aUNINA LEADER 02417oam 2200493zu 450 001 9910375932403321 005 20210807002003.0 035 $a(CKB)3170000000002274 035 $a(SSID)ssj0001139075 035 $a(PQKBManifestationID)11647281 035 $a(PQKBTitleCode)TC0001139075 035 $a(PQKBWorkID)11183356 035 $a(PQKB)10361476 035 $a(WaSeSS)IndRDA00013906 035 $a(Association for Computing Machinery)10.1145/1028664 035 $a(EXLCZ)993170000000002274 100 $a20160829d2004 uy 101 0 $aeng 135 $aur||||||||||| 181 $ctxt 182 $cc 183 $acr 200 10$aOOPSLA '04 : conference companion : 19th annual ACM Conference on Object-Oriented Programming Systems, Languages, and Applications : October 24-28, 2004, Vancouver Convention & Exhibition Centre, Vancouver, British Columbia, Canada 210 31$a[Place of publication not identified]$cACM$d2004 215 $a1 online resource (332 pages) 225 1 $aACM Conferences 300 $aBibliographic Level Mode of Issuance: Monograph 311 $a1-58113-833-4 410 0$aACM Conferences 517 1 $aObject-Oriented Programming Systems, Languages, and Applications '04 :$econference companion : 19th annual Association for Computing Machinery Conference on Object-Oriented Programming Systems, Languages, and Applications : October 24-28, 2004, Vancouver Convention and Exhibition Centre, Vancouver, British Columbia, Canada 517 1 $aCompanion to the 19th annual ACM SIGPLAN Conference on Object-Oriented Programming Systems, Languages, and Applications 517 1 $aOOPSLA '04 ACM SIGPLAN Object Oriented Programming Systems and Applications Conference, Vancouver, Canada - October 24 - 28, 2004 606 $aEngineering & Applied Sciences$2HILCC 606 $aComputer Science$2HILCC 615 7$aEngineering & Applied Sciences 615 7$aComputer Science 700 $aVlissides$b John$065850 712 02$aACM Special Interest Group on Programming Languages 712 02$aACM Sigsoft 801 0$bPQKB 906 $aBOOK 912 $a9910375932403321 996 $aOOPSLA '04 : conference companion : 19th annual ACM Conference on Object-Oriented Programming Systems, Languages, and Applications : October 24-28, 2004, Vancouver Convention & Exhibition Centre, Vancouver, British Columbia, Canada$91937181 997 $aUNINA